Statistics for Jordan Shoes

Click here to take the quiz!

General Stats

  • This quiz has been taken 506 times
  • The average score is 12 of 15

Answer Stats

Hint Answer % Correct
Scored 63 points against the Boston Celtics in the playoffs.Jordan I
94%
Slam dunk contest champion.Jordan III
92%
First shoe made by Nike NOT containing the Nike Swoosh.Jordan II
89%
Design was inspired by a World War II fighter jet.Jordan V
85%
Led Chicago to an NBA record 72 wins.Jordan XI
85%
The sole is designed to resemble a panther paw.Jordan XIII
84%
Worn during his time on the Dream Time.Jordan VII
83%
Broke his foot and missed 65 games yet still made the quarter finals.Jordan II
81%
Originally worn as a baseball cleat.Jordan IX
80%
Designed to commemorate his accolades.Jordan X
78%
Worn in the NBA finals while sporting a 102 degree fever.Jordan XII
70%
Won his first NBA title wearing this shoe.Jordan VI
69%
Worn during his final game in the NBA.Jordan XI
68%
Worn when he made "The Shot".Jordan XIV
67%
A mix of Spike Lee's favorite Jordans.Spizike
43%

Score Distribution

Percentile by Number Answered

Percent of People with Each Score

Your Score History

You have not taken this quiz